00752 2200217 4500001002100000005001500021035002000036007000300056008004100059020001800100082002100118084002700139100001800166245016600184260006900350300002900419650001400448650001400462856003400476990002400510INLIS00000000000856920260625024435 a0010-0626000138ta260625 0 eng  a92-9058-112-3 a631.445:635(063) a631.445:635(063) MOR p0 aMORRIS, R. A.1 aProceeding Of An International Conference 4 to 10 November 1996, Tainan County, Taiwan : Managing Soil Fertility ForIntensive Vegetable Production System In Asia aTaiwan :bAsian Vegetable Research And Development Center,c1997 a346p. :bIlus ;c25.3 cm 4aFertility 4aVegetable aPerpustakaan BBRMP Jawa Timur a730/2026/BBRMPJATIM